Torschützenliste der Ligue 1 2016-2017 - Statistiken

Allgemein
  • Dieses Quiz wurde 15 mal gespielt
  • Das Durchschnittsergebnis liegt bei 5 aus 10
Antwortstatistiken
Tore Nationalität Verein Spieler % Korrekt
35 Uruguay Paris Saint-Germain Edinson Cavani
100%
21 Kolumbien AS Monaco Falcao
100%
26 Frankreich Olympique Lyon Alexandre Lacazette
93%
15 Frankreich AS Monaco Kylian Mbappé
53%
15 Frankreich Olympique Marseille Florian Thauvin
47%
15 Italien OGC Nizza Mario Balotelli
47%
20 Frankreich Olympique Marseille Bafétimbi Gomis
33%
14 Benin HSC Montpellier Steve Mounié
20%
15 Kroatien SM Caen Ivan Santini
7%
14 Frankreich FC Metz Nicolas de Préville
0%
Keine übereinstimmenden Quizze gefunden
Verteilung der Resultate
Anzahl Personen mit jedem Resultat
Perzentil nach korrekt beantworteten Fragen
Ihre Resultats-Entwicklung
Sie haben dieses Quiz noch nicht gespielt